000 00628nam a2200217 a 4500
001 15279
003 CO-ViMGA
008 141112s2004 ck r 000 u spa d
020 _a958690170X
040 _aCO-ViMGA
_bspa
_cCO-ViMGA
082 0 4 _a346.046 C656c
100 1 _aEscallón Ortiz, Miguel Ángel
_922190
245 1 0 _aCódigo Nacional de recursos naturales
260 _aBogotá,
_cLeyer,
_c2002
300 _a463.p.
490 _aColección Códigos Brevis
505 _aDecreto 2811 de 1974
650 1 4 _aDERECHO AMBIENTAL
_93414
650 1 4 _aRECURSOS NATURALES - LEGISLACION - COLOMBIA
_922191
942 _2ddc
_cBK
999 _c25642
_d25642